Estadística básica en administración: conceptos y aplicaciones (Registro nro. 5528)
[ vista simple ]
| 000 -Cabecera | |
|---|---|
| Campo de control de longitud fija | 01034ata a2200385 4500 |
| 005 - Fecha y hora de la última transacción | |
| Campo de control | 20251121170038.0 |
| 008 - Elementos de longitud fija--Información general | |
| Campo de control de longitud fija | 150514b1996 xxu||||| |||| 00| 0 spa d |
| 020 ## - International Standard Book Number | |
| Número Internacional Estándar del Libro (ISBN) | 9688807842 |
| 041 ## - Idioma | |
| Código de idioma | Español |
| 082 ## - Clasificación Decimal Dewey | |
| Número de clasificación | 519.5 B489e6 |
| 100 ## - Entrada principal--Autor personal | |
| Nombre personal | Berenson, Mark L. |
| 100 ## - Entrada principal--Autor personal | |
| Nombre personal | Levine, David M. |
| 245 ## - Título propiamente dicho | |
| Título | Estadística básica en administración: conceptos y aplicaciones |
| 250 ## - Edición | |
| Mención de edición | 6 edición |
| 260 ## - Pie de imprenta | |
| Lugar de publicación, distribución, etc. | México |
| 260 ## - Pie de imprenta | |
| Nombre del editor, distribuidor, etc. | Prentice-Hall |
| 260 ## - Pie de imprenta | |
| Fecha de publicación, distribución, etc. | 1996 |
| 300 ## - Descripción física | |
| Extensión | 943 páginas |
| 490 ## - Serie | |
| Título de la Serie | Dirección y Administración de Empresas |
| 490 ## - Serie | |
| Título de la Serie | Gestión de Calidad |
| 650 ## - Materia general | |
| Temática (materia general) | ESTADÍSTICA |
| 650 ## - Materia general | |
| Temática (materia general) | ADMINISTRACIÓN |
| 650 ## - Materia general | |
| Temática (materia general) | PROBABILIDAD BÁSICA |
| 650 ## - Materia general | |
| Temática (materia general) | RECOLECCIÓN DE DATOS |
| 650 ## - Materia general | |
| Temática (materia general) | PRESENTACIÓN DE DATOS |
| 650 ## - Materia general | |
| Temática (materia general) | DESCRIPCIÓN DE DATOS |
| 650 ## - Materia general | |
| Temática (materia general) | PROBABILIDAD DISCRETA |
| 650 ## - Materia general | |
| Temática (materia general) | DISTRIBUCIONES DE MUESTREO |
| 650 ## - Materia general | |
| Temática (materia general) | ANOVA |
| 650 ## - Materia general | |
| Temática (materia general) | REGRESIÓN MÚLTIPLE |
| 650 ## - Materia general | |
| Temática (materia general) | SERIES DE TIEMPO |
| 942 ## - Punto de acceso adicional KOHA | |
| Tipo de ítem KOHA | Libro |
| Fuente del sistema de clasificación o colocación | Dewey Decimal Classification |
| Signatura completa | Código de barras | Programa Académico | Tipo de ítem |
|---|---|---|---|
| 519.5 B489e6 | 9382 | Libro |